Die teuersten Fußballtransfers - Linker Verteidiger - Saison 2017-2018 - Statistiken

Allgemein
  • Dieses Quiz wurde 16 mal gespielt
  • Das Durchschnittsergebnis liegt bei 3 aus 10
Antwortstatistiken
Ablöse (M €) Nationalität Abgebender Verein Aufnehmender Verein Spieler % Korrekt
57,50 Frankreich AS Monaco Manchester City Benjamin Mendy
100%
24,00 Frankreich Atlético Madrid Real Madrid Theo Hernández
77%
9,00 Schottland Hull City FC Liverpool Andrew Robertson
54%
20,00 Brasilien / Italien AS Rom FC Chelsea Emerson
54%
21,00 Brasilien OGC Nizza Inter Mailand Dalbert
23%
16,00 Spanien Real Sociedad Paris SG Yuri Berchiche
15%
11,00 Brasilien Corinthians FC Sevilla Guilherme Arana
8%
9,59 Argentinien Racing Club Sporting Marcos Acuña
8%
8,90 China CQ Dangai Lif. Beijing Guoan Huan Liu
0%
9,00 Italien Cagliari Calcio Sampdoria Nicola Murru
0%
Keine übereinstimmenden Quizze gefunden
Verteilung der Resultate
Anzahl Personen mit jedem Resultat
Perzentil nach korrekt beantworteten Fragen
Ihre Resultats-Entwicklung
Sie haben dieses Quiz noch nicht gespielt